| 000 | 00506nam a22002057a 4500 | ||
|---|---|---|---|
| 003 | OSt | ||
| 005 | 20140310181701.0 | ||
| 008 | 121119t xxu||||| |||| 00| 0 eng d | ||
| 020 | _a0340206381 | ||
| 050 |
_aNC 1499 _b.As853 1966 |
||
| 082 |
_aKF AST _bBk. 3 |
||
| 245 |
_aAsterix in Britain _cby Goscinny and Uderzo |
||
| 260 |
_aLondon _bHodder Dargaud Ltd. _c1966 |
||
| 300 |
_a48 p _c19 cm |
||
| 521 | _aGrade 5 | ||
| 526 | _c730L-850L | ||
| 541 | _j1 | ||
| 562 | _e1 | ||
| 942 |
_2lcc _cBK-KF _kKF |
||
| 999 |
_c1222 _d1222 |
||